UBT Library

The economics of Vilfredo Pareto / (Record no. 41221)

000 -LEADER
fixed length control field 00604nam a2200229 i 4500
001 - CONTROL NUMBER
control field 3706328
005 - DATE AND TIME OF LATEST TRANSACTION
control field 20180130033945.0
008 - FIXED-LENGTH DATA ELEMENTS--GENERAL INFORMATION
fixed length control field 790809s1979 enk b 001 0 eng
010 ## - LIBRARY OF CONGRESS CONTROL NUMBER
LC control number 79313800
015 ## - NATIONAL BIBLIOGRAPHY NUMBER
National bibliography number GB***
020 ## - INTERNATIONAL STANDARD BOOK NUMBER
International Standard Book Number 0714631086 :
Terms of availability £9.50
040 ## - CATALOGING SOURCE
Original cataloging agency DLC
Transcribing agency DLC
Modifying agency DLC
041 ## - LANGUAGE CODE
Language code of text/sound track or separate title eng
080 ## - UNIVERSAL DECIMAL CLASSIFICATION NUMBER
Universal Decimal Classification number 330.1543 ren
082 00 - DEWEY DECIMAL CLASSIFICATION NUMBER
Classification number 330.1543 ren
100 1# - Rafti
Rafti 52
101 ## - Shkurtesa
Shkurtesa eco
245 14 - TITLE STATEMENT
Title The economics of Vilfredo Pareto /
Statement of responsibility, etc R. Cirillo ; preface by F. Oulès.
504 ## - BIBLIOGRAPHY, ETC. NOTE
Bibliography, etc Bibliography: p. 134-144.
906 ## - LOCAL DATA ELEMENT F, LDF (RLIN)
a 7
b cbc
c orignew
d 3
e ncip
f 19
g y-gencatlg
942 ## - ADDED ENTRY ELEMENTS (KOHA)
Source of classification or shelving scheme
Item type Books
Holdings
Withdrawn status Lost status Source of classification or shelving scheme Damaged status Not for loan Collection code Permanent location Current location Shelving location Date acquired Total Checkouts Full call number Barcode Date last seen Price effective from Koha item type
          Koleksioni i përgjithshem UBT - Lipjan UBT - Lipjan Koleksioni i përgjithshem 01/30/2018   330.1543 ren 002-2996934 01/30/2018 01/30/2018 Books
UBT Library © 2015-2024. All rights reserved University Education for Business and Technology